000 01286nam a22001577a 4500
041 _aukr
080 _a09
090 _bАНД
100 _aАндрощук А.В.
245 _aНевербальні засоби ділового спілкування
260 _aОстрог
_bКАФ
_c2012
300 _a52
520 _aРозділ 1. Спілкування. Його види та рівні. 1.1 Теоритичні аспекти спілкування. 1.2 Феномен ділового спілкування. Розділ 2. Невербальні форми спілкування. Їх зміст і завдання. 2.1 Поняття про невербальну комунікацію. 2.2 Класифікація невербальних засобів. Розділ 3. Особливості невербального спілкування в діловій сфері. Розділ 3. Особливості невербального спілкування в діловій сфері. 3.1 Роль опитко-кінетичних засобів. 3.2 Візуальний контакт. 3.3 Проксеміка. Особистий простір.
_0спілкування, невербальний
650 _aResearch Papers
999 _c284968
_d284968
942 _cBK